000 00290nam a22001337a 4500
008 180123b xxu||||| |||| 00| 0 eng d
020 _a9780898620160
041 _aeng
080 _a316
100 _a50
101 _aSOC
245 _aRecconceiving women
_cIreland,M.S
942 _2udc
_cBK
999 _c40728
_d40728